[Event "WJun"]
[Site "Yerevan ARM"]
[Date "2007.10.16"]
[Round "13"]
[White "Jojua,D"]
[Black "Corrales Jimenez,F"]
[Result "1/2-1/2"]
[WhiteElo "2434"]
[BlackElo "2513"]

1.d4 d5 2.c4 c6 3.Nf3 Nf6 4.Nc3 e6 5.Qb3 a5 6.cxd5 exd5 7.Bg5 Nbd7 8.e3 Be7
9.Bd3 O-O 10.O-O Re8 11.Qc2 Nf8 12.Ne5 Ng4 13.Bxe7 Qxe7 14.Nxg4 Bxg4 15.Bf5 Bxf5
16.Qxf5 Rad8 17.Ne2 Rd6 18.Rab1 Nd7 19.Ng3 g6 20.Qc2 h5 21.h3 h4 22.Ne2 f5
23.b4 Nb6 24.bxa5 Nc4 25.Rb4 Rd7 26.Qc3 g5 27.Rfb1 f4 28.Qd3 Kg7 29.Qf5 Nd6
30.Qg4 fxe3 31.f4 Rf8 32.fxg5 Rf5 33.Nf4 e2 34.Nxe2 Qe3+ 35.Kh2 Rdf7 36.Qxh4 Rxg5
37.R4b3 Nf5 38.Rxe3 Nxh4 39.Rg3 Kg6 40.Rxg5+ Kxg5  1/2-1/2

[Event "Bundesliga 2007-8"]
[Site "Wattenscheid GER"]
[Date "2007.10.21"]
[Round "2"]
[White "Tregubov,P"]
[Black "Sandipan,C"]
[Result "1-0"]
[WhiteElo "2609"]
[BlackElo "2593"]

1.d4 d5 2.c4 e6 3.Nf3 Nf6 4.Nc3 c6 5.Qb3 Nbd7 6.Bg5 Be7 7.e3 O-O 8.Rd1 Ne4
9.Bxe7 Qxe7 10.Bd3 Nxc3 11.Qxc3 dxc4 12.Bxc4 b6 13.O-O c5 14.dxc5 Nxc5 15.b4 Ne4
16.Qe5 Bb7 17.Nd4 Rad8 18.f3 Nd6 19.Bb3 Ne8 20.e4 Qf6 21.Qxf6 Nxf6 22.Kf2 a6
23.Ke3 Rfe8 24.Rc1 Rc8 25.Rxc8 Rxc8 26.Nxe6 Rc3+ 27.Kd4 Rxb3 28.axb3 fxe6
29.Ke5 Kf7 30.Kd6 Bc8 31.Rc1 Ne8+ 32.Kc6 Ke7 33.Kxb6 Kd8 34.Rd1+ Ke7 35.Kc6 Nf6
36.b5 axb5 37.Kxb5 Ne8 38.Kc6 Nf6 39.b4 Bd7+ 40.Kc5 Kd8 41.b5 Kc8 42.Ra1 Kb8
43.Kd6 Bc8 44.Ke7 Nh5 45.g3 g6 46.Rc1  1-0

[Event "Open"]
[Site "Liberec CZE"]
[Date "2007.11.10"]
[Round "1"]
[White "Golcman,E"]
[Black "Arend,M"]
[Result "1-0"]
[WhiteElo "2223"]
[BlackElo "1884"]

1.c4 e6 2.Nc3 d5 3.d4 c6 4.Qb3 Nf6 5.Nf3 Nbd7 6.g3 Qb6 7.Bg2 Bb4 8.O-O Bxc3
9.Qxc3 O-O 10.c5 Qa6 11.Qc2 b6 12.b4 bxc5 13.bxc5 Ne4 14.Bf4 f6 15.h4 h6
16.Bh3 Re8 17.Rfe1 e5 18.Bxd7 Bxd7 19.dxe5 fxe5 20.Bxe5 Bf5 21.Qb2 Rab8 22.Bxb8  1-0

[Event "WYg16"]
[Site "Kemer TUR"]
[Date "2007.11.24"]
[Round "7"]
[White "Khazhomia,S"]
[Black "Li Panru"]
[Result "1/2-1/2"]
[WhiteElo "2168"]
[BlackElo "2030"]

1.d4 Nf6 2.c4 e6 3.Nf3 d5 4.Nc3 c6 5.Bf4 Nbd7 6.e3 Be7 7.Bd3 O-O 8.O-O Re8
9.Ne5 dxc4 10.Bxc4 Nd5 11.Bg3 Nxe5 12.Bxe5 Bf6 13.Ne4 Bxe5 14.dxe5 Qh4 15.Qf3 f6
16.g3 Qh6 17.exf6 Nxf6 18.Nd6 Rf8 19.e4 b5 20.Nxc8 bxc4 21.Ne7+ Kh8 22.Nxc6 Qg6
23.Ne5 Qxe4 24.Qxe4 Nxe4 25.Nxc4 Rac8 26.b3 Rf6 27.f3 Nc3 28.Kg2 Rcf8 29.f4 g5
30.Ne5 Rf5 31.fxg5 Rxf1 32.Rxf1 Rxf1 33.Kxf1 Nxa2 34.Nc6 a6 35.Ke1 Nc3 36.Nd8 e5
37.Nf7+ Kg7 38.Nxe5 Ne4 39.Nd7 Nxg5 40.Nc5 Nf3+ 41.Ke2 Nxh2 42.Nxa6 Ng4 43.Kf3 Nf6
44.b4 Nd5 45.Ke4 Nb6 46.Kd4 Kf6 47.Nc7 Kf5 48.b5 Kg4 49.Nd5 Nc8 50.Ke5 Kxg3
51.Ke6 h5 52.Kd7 h4 53.Kxc8 h3 54.b6 h2 55.b7 h1=Q 56.b8=Q+ Kh3 57.Qe5 Qf3
58.Nf4+ Kg4 59.Ne6 Qf5 60.Qd4+ Kf3 61.Kd7 Ke2 62.Kd6 Qg6 63.Ke7 Qh7+ 64.Kd6 Qh6
65.Kd5 Qd2 66.Nf4+ Kd1 67.Nd3 Qg2+ 68.Kd6 Qg3+ 69.Ne5+ Kc2 70.Kd5 Qg8+ 71.Kc5 Qc8+
72.Nc6 Qf5+ 73.Kc4 Qf1+ 74.Kb4 Qf8+ 75.Ka4 Qa8+ 76.Na5 Qe8+ 77.Ka3 Qe7+ 78.Ka2 Qe1
79.Qb2+ Kd3 80.Nb3 Qc3 81.Nc1+ Kc4 82.Qe2+ Kd5 83.Nb3 Qc4 84.Qe7 Qc2+ 85.Ka3 Qc6
86.Qe3 Qd6+ 87.Ka2 Qh2+ 88.Ka3 Qd6+ 89.Ka2 Qh2+ 90.Nd2 Qe5 91.Qb3+ Kc6 92.Nc4 Qe2+
93.Ka3 Qe7+ 94.Ka4 Qa7+ 95.Na5+ Kd6 96.Qg3+ Kd5 97.Qf3+ Ke5 98.Kb5 Qb8+ 99.Kc4 Qg8+
100.Kc5 Qg1+ 101.Kb5 Qb1+ 102.Ka6 Qa2 103.Kb6 Qb1+ 104.Ka6 Qc2 105.Qh5+ Kd6
106.Qg6+ Ke5  1/2-1/2

[Event "Bundesliga 2007-8"]
[Site "Tegernsee GER"]
[Date "2007.11.25"]
[Round "4"]
[White "Gyimesi,Z"]
[Black "Naumann,A"]
[Result "1-0"]
[WhiteElo "2610"]
[BlackElo "2548"]

1.d4 d5 2.c4 c6 3.Nf3 Nf6 4.Nc3 e6 5.Qb3 dxc4 6.Qxc4 b5 7.Qd3 Nbd7 8.e4 b4
9.Na4 Qa5 10.b3 Bb7 11.Be3 Be7 12.Nd2 O-O 13.f3 Rfd8 14.Qc2 Rac8 15.Rc1 c5
16.dxc5 Bc6 17.Nc4 Qc7 18.Ncb2 Qa5 19.Be2 Bxa4 20.Nxa4 Nxc5 21.Bxc5 Bxc5
22.Qxc5  1-0

[Event "WYg16"]
[Site "Kemer TUR"]
[Date "2007.11.26"]
[Round "9"]
[White "Khazhomia,S"]
[Black "Olsarova,T"]
[Result "0-1"]
[WhiteElo "2168"]
[BlackElo "2048"]

1.d4 d5 2.Nf3 Nf6 3.c4 c6 4.Nc3 e6 5.Bf4 dxc4 6.a4 Nd5 7.Bd2 b5 8.e4 Nxc3
9.Bxc3 Nd7 10.Qd2 Nf6 11.Qc2 Be7 12.Bd2 O-O 13.e5 Nd5 14.Be2 Bb7 15.O-O Qd7
16.Ng5 Bxg5 17.Bxg5 Nb6 18.a5 Nd5 19.Qe4 c5 20.Bf3 h6 21.Bh4 cxd4 22.Qxd4 Qc7
23.Rfe1 Nb4 24.Bxb7 Qxb7 25.Qg4 Kh7 26.Re3 Rg8 27.Rd1 Nd3 28.Bg3 f6 29.a6 Qd5
30.Bh4 g5 31.Bg3 f5 32.Qh5 f4 33.Rf3 Qxe5 34.Re3 Qf6 35.Qf3 Raf8 36.Re2 fxg3
37.Qxg3 Qf4 38.Qxf4 Nxf4 39.Re5 Rf5 40.Re4 Rd5 41.Rde1 Nd3 42.Rb1 e5 43.f3 Rg6  0-1

[Event "20th Belgrade Trophy"]
[Site "Belgrade SRB"]
[Date "2007.11.28"]
[Round "7"]
[White "Arbutina,S"]
[Black "Milojevic,M"]
[Result "1-0"]
[WhiteElo "2293"]
[BlackElo "2097"]

1.d4 d5 2.c4 c6 3.Nf3 Nf6 4.Nc3 e6 5.Bf4 dxc4 6.a4 Bb4 7.Qc2 O-O 8.g3 b5
9.Bg2 Bb7 10.O-O Bxc3 11.bxc3 a6 12.e4 c5 13.e5 Nd5 14.Ng5 g6 15.Ne4 Nxf4
16.Nf6+ Kg7 17.Bxb7 Ra7 18.Be4 Nd5 19.axb5 Qb6 20.dxc5 Qxc5 21.Bxd5 exd5
22.bxa6 Rd8 23.Qd2 h5 24.Nxh5+ Kh7 25.Qg5 Qc7 26.Nf6+ Kg7 27.Ng4 Rh8 28.Rfd1 Qd7
29.Qf6+ Kg8 30.Qf3  1-0

[Event "3rd ch-BIH"]
[Site "Sarajevo BIH"]
[Date "2007.12.20"]
[Round "3"]
[White "Dumpor,A"]
[Black "Predojevic,B"]
[Result "0-1"]
[WhiteElo "2399"]
[BlackElo "2645"]

1.d4 Nf6 2.c4 e6 3.Nf3 d5 4.Nc3 c6 5.Qb3 dxc4 6.Qxc4 b5 7.Qb3 Nbd7 8.Qc2 Bb7
9.g3 a6 10.Bg2 c5 11.dxc5 Bxc5 12.O-O Rc8 13.Qd3 O-O 14.Ng5 Bxg2 15.Kxg2 Ne5
16.Qxd8 Rfxd8 17.a4 b4 18.Nce4 Be7 19.Bf4 Nc4 20.b3 Na5 21.Rab1 Nd5 22.Nf3 h6
23.Be5 f6 24.Bb2 Nc3 25.Bxc3 bxc3 26.Rfc1 c2 27.Rb2 Ba3 28.Rcxc2 Bxb2 29.Rxb2 Rb8
30.b4 Rdc8 31.Ned2 Nc4 32.Rb3 Nxd2 33.Nxd2 Rc2 34.Nb1 Rc4 35.b5 Rxa4 36.Nc3 Rc4
37.b6 a5 38.Na2 Rc6 39.Ra3 Rbxb6 40.Rxa5 Rb2 41.Ra3 Rxe2  0-1

[Event "FINEC GMA"]
[Site "St Petersburg RUS"]
[Date "2008.01.27"]
[Round "4"]
[White "Kveinys,A"]
[Black "Mihajlovskij,S"]
[Result "0-1"]
[WhiteElo "2521"]
[BlackElo "2466"]

1.c4 Nf6 2.d4 c6 3.Nf3 d5 4.Nc3 e6 5.Qb3 Nbd7 6.Bg5 h6 7.Bh4 Qa5 8.e3 Ne4
9.Bd3 Bb4 10.Bxe4 dxe4 11.Nd2 e5 12.c5 Bxc3 13.bxc3 exd4 14.exd4 O-O 15.O-O b6
16.Nxe4 bxc5 17.Rfe1 Ba6 18.Nd6 cxd4 19.Be7 Nc5 20.Qb4 Qxb4 21.cxb4 Nd3 22.Red1 Rfb8
23.b5 Rxb5 24.Nxb5 Bxb5 25.Rab1 Nf4 26.Rb2 Re8 27.Bd6 Ba4 28.Ra1 Ne6 29.Rc1 Rd8
30.Bc5 a6 31.f3 Rd5 32.Bb4 c5 33.Bd2 Bb5 34.Rbc2 Bd3 35.Rb2 c4 36.Rb8+ Kh7
37.Rb7 Kg6 38.Rb6 Re5 39.Re1 Rxe1+ 40.Bxe1 c3 41.g4 Kf6 42.f4 Ke7 43.f5 Ng5
44.Kf2 Ne4+ 45.Kf3 Kd7 46.Rb3 c2 47.Rxd3 Ng5+  0-1

[Event "FINEC GMA"]
[Site "St Petersburg RUS"]
[Date "2008.01.29"]
[Round "6"]
[White "Mihajlovskij,S"]
[Black "Matlakov,M"]
[Result "1-0"]
[WhiteElo "2466"]
[BlackElo "2441"]

1.d4 Nf6 2.Nf3 e6 3.c4 d5 4.Nc3 c6 5.Qb3 dxc4 6.Qxc4 b5 7.Qb3 Nbd7 8.g3 b4
9.Na4 c5 10.Bg2 Bb7 11.O-O Bd5 12.Qd1 Rc8 13.dxc5 Nxc5 14.Bd2 Bc6 15.Nxc5 Bxc5
16.Rc1 Qb6 17.Ne5 Bxg2 18.Kxg2 O-O 19.Nd3 Be7 20.Qa4 a5 21.Rxc8 Rxc8 22.Rc1 Rxc1
23.Bxc1 h6 24.Be3 Qb7+ 25.f3 Qd5 26.Qb3 Qc6 27.Qd1 Nd5 28.Bf2 Bf6 29.e4 Nc7
30.Nc5 Nb5 31.Qa4 Bd8 32.Nb3 g5 33.h3 Bc7 34.a3 Nd4 35.Qxc6 Nxc6 36.a4 Kf8
37.Nd2 Ne5 38.Kf1 Nd3 39.Nc4 Ke8 40.Ke2 Nxf2 41.Kxf2 Kd7 42.b3 Kc6 43.Ke3 Bxg3
44.Nxa5+ Kb6 45.Nc4+ Kc5 46.e5 Kd5 47.a5 Bh2 48.Kf2 Kc6 49.a6 Bf4 50.Ke2 Kc7
51.Kd3 Kb8 52.Nd6 f6 53.Nf7 fxe5 54.Nxh6 Ka7 55.Nf7 Kxa6 56.Nd8 Kb6 57.Nxe6 Bc1
58.Ke4 Kc6 59.Kxe5 Bd2 60.Kf5 Kd5 61.Nxg5 Kd4 62.h4 Kd3 63.h5 Kc2 64.Ne4 Be3
65.f4  1-0

[Event "10th TCh-Euro sen"]
[Site "Dresden GER"]
[Date "2008.02.19"]
[Round "9"]
[White "Wood,P"]
[Black "Langmann,C"]
[Result "1/2-1/2"]
[WhiteElo "1942"]
[BlackElo "1930"]

1.d4 d5 2.c4 c6 3.Nf3 Nf6 4.Nc3 e6 5.Bf4 Bd6 6.Bxd6 Qxd6 7.e3 Nbd7 8.Bd3 O-O
9.O-O a6 10.c5 Qe7 11.e4 dxe4 12.Nxe4 Nxe4 13.Bxe4 Nf6 14.Bd3 Rd8 15.Qc2 Rd5
16.Rad1 Bd7 17.Rfe1 Rd8 18.Ne5 Bc8 19.Nf3 Rh5 20.Re5 Rd5  1/2-1/2

[Event "24th Open"]
[Site "Bad Woerishofen GER"]
[Date "2008.03.07"]
[Round "9"]
[White "Klett,T"]
[Black "Pressler,W"]
[Result "0-1"]
[WhiteElo "1952"]
[BlackElo "1796"]

1.c4 e6 2.Nc3 d5 3.d4 c6 4.Nf3 Nf6 5.Bf4 Ne4 6.Qc2 f5 7.e3 Nd7 8.Be2 Be7
9.cxd5 exd5 10.Nxd5 cxd5 11.Bc7 Bb4+ 12.Kf1 Qe7 13.Qb3 Ndf6 14.Rc1 O-O 15.h3 Bd6
16.Ba5 b6 17.Be1 f4 18.Ne5 fxe3 19.Qxe3 Be6 20.Nc6 Qe8 21.b4 Nd7  0-1

[Event "Internatonal Open"]
[Site "Sydney AUS"]
[Date "2008.03.28"]
[Round "7"]
[White "Gagunashvili,M"]
[Black "Zhao Zong Yuan"]
[Result "1/2-1/2"]
[WhiteElo "2553"]
[BlackElo "2487"]

1.Nf3 Nf6 2.c4 e6 3.Nc3 d5 4.d4 c6 5.Qb3 dxc4 6.Qxc4 b5 7.Qb3 Nbd7 8.Bg5 Qa5
9.Bd2 b4 10.Na4 Ba6 11.a3 Rb8 12.Qc2 Be7 13.g3 O-O 14.Bg2 Qb5 15.Bxb4 Bxb4+
16.axb4 Qxb4+ 17.Nc3 Bc4 18.Nd2 Bd5 19.e4 Bb3 20.Nxb3 Qxb3 21.Qxb3 Rxb3 22.O-O-O Rfb8
23.Rd2 R3b4 24.Rhd1 Nb6 25.Bf1 Na4 26.Nxa4 Rxa4 27.f3 Kf8 28.Rc2 Ke7 29.Bc4 a5
30.Rd3 Nd7 31.Ra3 Rxa3 32.bxa3 e5 33.dxe5 Nxe5 34.f4 Nxc4 35.Rxc4 Rb3 36.Ra4 Rb5
37.Kc2 g5 38.Kd3 gxf4 39.gxf4 f6 40.Kd4 Kd6 41.h3 Rh5 42.f5 Rxh3 43.Rxa5 Rh1
44.Ra7 Rd1+ 45.Ke3 Re1+ 46.Kf3 Rf1+ 47.Ke2 Ra1 48.Ke3 Re1+  1/2-1/2

[Event "Sozina Open"]
[Site "Bar MNE"]
[Date "2008.04.04"]
[Round "8"]
[White "Georgiev,Ki"]
[Black "Brajovic,R"]
[Result "1-0"]
[WhiteElo "2662"]
[BlackElo "2243"]

1.d4 Nf6 2.Nf3 e6 3.c4 d5 4.Nc3 c6 5.Qb3 Nbd7 6.Bg5 Qa5 7.Bd2 Qb6 8.e3 dxc4
9.Bxc4 Qxb3 10.Bxb3 Bd6 11.O-O O-O 12.Rfd1 a6 13.e4 e5 14.Be3 Bc7 15.dxe5 Nxe5
16.Nxe5 Bxe5 17.f3 Re8 18.Rac1 Be6 19.Bxe6 Rxe6 20.Na4 Rae8 21.Nc5 R6e7 22.b4 h6
23.Rd3 g5 24.Rcd1 Kg7 25.Bf2 Kg6 26.a4 h5 27.Bg3 Bxg3 28.hxg3 g4 29.Rd6 Kg7
30.Kf2 Rh8 31.Rd8 Rhe8 32.a5 Kg6 33.Rxe8 Rxe8 34.Rd4 Re7 35.Rd8 Ne8 36.f4 f6
37.f5+ Kh7 38.Ke3 Nc7 39.Kf4 Nb5 40.Nd7 Kg7 41.e5 fxe5+ 42.Kg5 Nd4 43.f6+ Kf7
44.Rf8+ Ke6 45.Nc5+  1-0

[Event "Gausdal Classics GMB"]
[Site "Gausdal NOR"]
[Date "2008.04.14"]
[Round "7"]
[White "Kveinys,A"]
[Black "Saltaev,M"]
[Result "1/2-1/2"]
[WhiteElo "2515"]
[BlackElo "2500"]

1.d4 d5 2.c4 c6 3.Nf3 Nf6 4.Nc3 e6 5.Qb3 Nbd7 6.Bg5 Qa5 7.Bd2 Qb6 8.g3 Bd6
9.Bg2 Qxb3 10.axb3 a6 11.c5 Bc7 12.Bf4 Bxf4 13.gxf4 Ke7 14.b4 Rb8 15.Kd2 h6
16.h4 Nh5 17.e3 f6 18.Rag1 g6 19.Ne1 Nf8 20.Bf3 Ng7 21.h5 g5 22.Nd3 Bd7 23.Be2 Nf5
24.fxg5 hxg5 25.f4 Nh7 26.fxg5 Nxg5 27.Nf4 Be8 28.Rg2 Bf7  1/2-1/2

[Event "58th ch-RUS w HL"]
[Site "Chelyabinsk RUS"]
[Date "2008.06.08"]
[Round "5"]
[White "Zaiatz,E"]
[Black "Shadrina,T"]
[Result "0-1"]
[WhiteElo "2366"]
[BlackElo "2418"]

1.d4 d5 2.Nf3 Nf6 3.c4 c6 4.Qb3 e6 5.Nc3 Nbd7 6.Bg5 Qa5 7.Bd2 Qb6 8.Qc2 Be7
9.e3 O-O 10.Bd3 Qc7 11.O-O dxc4 12.Bxc4 e5 13.Rfe1 Bd6 14.Rac1 Qd8 15.a3 Qe7
16.dxe5 Nxe5 17.Nxe5 Qxe5 18.f4 Qh5 19.Ne4 Nxe4 20.Qxe4 Bf5 21.Qf3 Bg4 22.Qf2 Rad8
23.h3 Be6 24.Bxe6 fxe6 25.Bc3 Bc5 26.Qg3 Rf7 27.Be5 Bb6 28.Kh2 Rd2 29.Qg4 Qf5
30.Qf3 Qxe5  0-1

[Event "Serbia Cup"]
[Site "Zlatibor SRB"]
[Date "2008.06.19"]
[Round "4"]
[White "Perunovic,Mio"]
[Black "Ivanisevic,I"]
[Result "1/2-1/2"]
[WhiteElo "2420"]
[BlackElo "2649"]

1.d4 Nf6 2.Nf3 d5 3.c4 e6 4.Nc3 c6 5.Qb3 a5 6.e3 Nbd7 7.Qc2 b6 8.Bd3 Ba6
9.b3 Bb4 10.O-O Rc8 11.a3 Bxc3 12.Qxc3 c5 13.cxd5 Nxd5 14.Qd2 Bxd3 15.Qxd3 cxd4
16.Qxd4 Qf6 17.Bb2 Qxd4 18.Bxd4 f6 19.Rfc1 Ke7 20.g3 e5 21.e4 Nc7 22.Be3 Nb5
23.Kf1 Rxc1+ 24.Rxc1 Nxa3 25.Rc6 Rb8 26.Nh4 g6 27.f4 Nb5 28.Nf3 exf4 29.gxf4 Nd6
30.e5 Nf5 31.exf6+ Nxf6 32.Bxb6 Nd5 33.Bc5+ Kf7 34.Ng5+ Kg7 35.Ne6+ Kh6 36.Ra6 Rxb3
37.Rxa5 Kh5 38.Bf2 Nde3+ 39.Bxe3 Rxe3 40.Re5 Ra3 41.Kf2 Kg4 42.Re2 h6 43.Nf8 Nh4
44.Re6 Ra2+ 45.Re2 Rxe2+ 46.Kxe2 Kxf4 47.Kf2 Kg4 48.Kg1 Kh3 49.Kh1 g5 50.Ne6 Ng6
51.Nd4 h5 52.Nf3 Kg4 53.Nd2 Kf4 54.Kg2 g4 55.Nb3 Nh4+ 56.Kf2 Nf3 57.Kg2 h4
58.Nc5 Ke3 59.Nd7 Ne1+ 60.Kf1 Nd3 61.Kg2 Kf4 62.Nf6 h3+ 63.Kg1 Kf3 64.Nh5 Ke3
65.Ng3 Ne5 66.Nf5+ Ke2 67.Ng3+ Ke1 68.Nf5 Nc4 69.Ng3 Nd2 70.Nf5 Nf3+  1/2-1/2

[Event "Battle of Senta Open A"]
[Site "Senta SRB"]
[Date "2008.07.18"]
[Round "1"]
[White "Weinzettl,E"]
[Black "Vince,V"]
[Result "1-0"]
[WhiteElo "2226"]
[BlackElo "1930"]

1.d4 d5 2.Nf3 Nf6 3.c4 e6 4.Nc3 c6 5.Qb3 Nbd7 6.g3 Bd6 7.Bg2 O-O 8.O-O dxc4
9.Qxc4 e5 10.Rd1 Qe7 11.Qb3 h6 12.Nh4 Re8 13.Nf5 Qf8 14.Nxd6 Qxd6 15.d5 e4
16.Bf4 Qe7 17.dxc6 bxc6 18.Qa4 Nb6 19.Qxc6 Bf5 20.Qb5 Bd7 21.Qa6 Qc5 22.Be3 Qh5
23.Bd4 e3 24.f3 Re6 25.Bxf6 Rxf6 26.Rxd7 Nxd7 27.Qb7 Nb6 28.Rd1 Re8 29.Qxa7 Qe5
30.f4 Qb8 31.Qxb8 Rxb8 32.Rd3 Re6 33.Ne4 Rc8 34.Bf3 Rc1+ 35.Kg2 Rc2 36.Rb3 Na4
37.Rb8+ Kh7 38.b3 Nb2 39.f5 Re5 40.f6 Nd3 41.g4 Ne1+ 42.Kg3 Nxf3 43.Kxf3 Rxa2
44.fxg7 Kxg7 45.Ng3 Raa5 46.Nf5+ Kh7 47.Rb7 Kg6 48.Rb6+ Re6 49.Rb8 Raa6 50.Rh8 Kf6
51.Kf4  1-0

[Event "Politiken Cup"]
[Site "Helsingor DEN"]
[Date "2008.07.20"]
[Round "2"]
[White "Krasenkow,M"]
[Black "Petersen,Stee1"]
[Result "1-0"]
[WhiteElo "2639"]
[BlackElo "2170"]

1.Nf3 Nf6 2.c4 e6 3.Nc3 d5 4.d4 c6 5.Qb3 Ne4 6.g3 f5 7.Bg2 Be7 8.O-O Nd7
9.Ne1 Bf6 10.Nxe4 fxe4 11.Nc2 O-O 12.Be3 Kh8 13.Rac1 Nb6 14.Na3 e5 15.dxe5 Bxe5
16.cxd5 Nxd5 17.Bc5 Rf6 18.Nc4 Bc7 19.Bxe4 b5 20.Ne3 Nf4 21.Qc2 Nh3+ 22.Kg2 Nf4+
23.Kh1 Rh6 24.Nf5 Bxf5 25.Bxf5 Qg5 26.e3 Qh5 27.f3 Ne2 28.Qxe2 Qxf5 29.Qg2 Rd8
30.Bxa7 Ra8 31.Bd4 Rxa2 32.f4 Qd7 33.Ra1 Qf7 34.Rxa2 Qxa2 35.Qe4 Re6 36.Qf5 Bd6
37.Qf7 Qd5+ 38.Kg1 Re7 39.Bxg7+  1-0

[Event "IMD Prima Pack Cup"]
[Site "Olomouc CZE"]
[Date "2008.08.03"]
[Round "7"]
[White "Andersson,Fred2"]
[Black "Cerveny,P"]
[Result "1/2-1/2"]
[WhiteElo "2225"]
[BlackElo "2353"]

1.d4 d5 2.Nf3 Nf6 3.c4 c6 4.Qb3 e6 5.Nc3 dxc4 6.Qxc4 b5 7.Qd3 Nbd7 8.g3 b4
9.Na4 Qa5 10.b3 Ba6 11.Qd1 Rd8 12.Bg2 c5 13.O-O Bb7 14.Bb2 Be7 15.a3 cxd4
16.axb4 Bxb4 17.Bxd4 Qc7 18.Qc1 Qb8 19.Nb2 a6 20.Nd3 Bd6 21.Qb2 O-O 22.Nde5 Nxe5
23.Bxe5 Bxe5 24.Qxe5 Bxf3  1/2-1/2

[Event "5th LGA Premium Cup"]
[Site "Nuernberg GER"]
[Date "2008.09.05"]
[Round "3"]
[White "Riexinger,A"]
[Black "Endress,A"]
[Result "0-1"]
[WhiteElo "1687"]
[BlackElo "2042"]

1.d4 d5 2.c4 e6 3.Nc3 c6 4.Nf3 Nf6 5.Bf4 Nbd7 6.e3 Be7 7.Bd3 dxc4 8.Bxc4 b5
9.Bd3 Bb7 10.Qc2 a6 11.O-O Rc8 12.e4 c5 13.e5 cxd4 14.Nxd4 Nd5 15.Qd2 Nc5
16.Be3 Nxd3 17.Qxd3 Nxc3 18.bxc3 Qd5 19.f3 Qxe5 20.Rad1 O-O 21.Ne2 Rfd8 22.Bd4 Bc5
23.Kh1 Qg5 24.Qb1 Bd6 25.Ng1 Bd5 26.Nh3 Qh4 27.Bxg7 Kxg7 28.Rd4 Qf6 29.Rg4+ Kf8
30.Qxh7 Ke7 31.Ng5 Rh8  0-1

[Event "61st ch-RUS HL"]
[Site "Novokuznetsk RUS"]
[Date "2008.09.06"]
[Round "4"]
[White "Tregubov,P"]
[Black "Sjugirov,S"]
[Result "1/2-1/2"]
[WhiteElo "2658"]
[BlackElo "2545"]

1.d4 d5 2.c4 e6 3.Nf3 Nf6 4.Nc3 c6 5.Qb3 dxc4 6.Qxc4 b5 7.Qd3 Nbd7 8.e4 b4
9.Na4 Qa5 10.b3 c5 11.e5 Nd5 12.Bd2 Bb7 13.Rc1 a6 14.Ng5 cxd4 15.Qxd4 Be7
16.Bd3 N5b6 17.Nxb6 Qxb6 18.Qf4 Bxg5 19.Qxg5 Qd4 20.O-O O-O 21.Bb1 Nxe5 22.Rfd1 Rfd8
23.h3 Bf3 24.Re1 f6 25.Be3 fxg5 26.Bxd4 Nd3 27.Bxd3 Rxd4 28.Bc4 Bd5 29.Bxd5 Rxd5
30.Rxe6 Ra7 31.Rc2 a5 32.Kh2 Kf7 33.Rec6 h6 34.f3 Rad7 35.R2c5 Ke7 36.Kg3 Kf7
37.Rc7 Kf6 38.Rxa5 Rxa5 39.Rxd7 Rxa2 40.Rd4 h5 41.f4 h4+ 42.Kf3 Rc2 43.Rxb4 Rc3+
44.Kf2 Rc2+ 45.Kf3 Rc3+ 46.Ke4 gxf4 47.Rb6+ Kf7 48.Kf5 Rg3 49.Rb7+ Ke8 50.Kxf4 Rxg2
51.b4 Rg3 52.Ke5 Kd8 53.b5 Kc8 54.Rf7 Rxh3 55.Rxg7 Rb3 56.Rh7 Rxb5+ 57.Kf4 Kd8
58.Rxh4 Rb4+ 59.Kg3 Rxh4 60.Kxh4  1/2-1/2

[Event "61st ch-RUS HL"]
[Site "Novokuznetsk RUS"]
[Date "2008.09.08"]
[Round "6"]
[White "Tregubov,P"]
[Black "Maslak,K"]
[Result "0-1"]
[WhiteElo "2658"]
[BlackElo "2521"]

1.d4 Nf6 2.c4 e6 3.Nf3 d5 4.Nc3 c6 5.Qb3 dxc4 6.Qxc4 b5 7.Qd3 Bb7 8.e4 b4
9.Na4 Qa5 10.b3 Nbd7 11.e5 Nd5 12.Bd2 N7b6 13.Nc5 Bxc5 14.dxc5 Qxc5 15.Rc1 Qa5
16.a4 Nd7 17.Qe4 Nc3 18.Bxc3 bxc3 19.Bc4 c2+ 20.Ke2 Rb8 21.Rxc2 c5 22.Qe3 O-O
23.Rd1 Nb6 24.Bb5 Nd5 25.Qc1 Rfc8 26.Kf1 Ba6 27.Rxc5 Nc3 28.b4 Bxb5+ 29.axb5 Qxb4
30.Rxc8+ Rxc8 31.Qc2 Qxb5+ 32.Rd3 a5 33.Nd4 Qc4 34.Ke1 Qb4 35.Kf1 Qc4 36.Ne2 Nd5
37.Qd1 h6 38.Ra3 Rc5 39.Qd2 Qb5 40.f4 a4 41.Kf2 Rc4 42.Kg3 Qb1 43.h3 Rc2  0-1

[Event "ch-Commonwealth"]
[Site "Nagpur IND"]
[Date "2008.09.28"]
[Round "1"]
[White "Deepan,C"]
[Black "Eswar,R"]
[Result "1-0"]
[WhiteElo "2464"]
[BlackElo "2021"]

1.Nf3 d5 2.d4 Nf6 3.c4 c6 4.Qb3 e6 5.Nc3 Nbd7 6.g3 h6 7.Bg2 Bd6 8.O-O O-O
9.Bf4 Qe7 10.Rfe1 dxc4 11.Bxd6 Qxd6 12.Qxc4 e5 13.Rad1 exd4 14.Qxd4 Qxd4
15.Nxd4 Nb6 16.e4 Bg4 17.f3 Bd7 18.e5 Nfd5 19.Nxd5 Nxd5 20.f4 Bg4 21.Rd2 Rad8
22.h3 Bc8 23.Kf2 Rfe8 24.Red1 Nb6 25.b3 g6 26.Ne2 Rxd2 27.Rxd2 Kf8 28.Nc3 Ke7
29.Ne4 Be6 30.g4 Bd5 31.Nf6 Rd8 32.Nxd5+ cxd5 33.Rc2 Ke6 34.Ke3 g5 35.fxg5 hxg5
36.Kd4 Rf8 37.a4 f6 38.Re2 Rd8 39.a5 Nc8 40.exf6+ Kxf6 41.Bxd5 Nd6 42.Kc5 b6+
43.axb6 axb6+ 44.Kxb6 Nc8+ 45.Kc5 Rh8 46.Re3 Rh7 47.Re6+ Kg7 48.Re8 Rh8 49.Rxh8 Kxh8
50.Be6 Ne7 51.b4 Kg7 52.b5 Kf6 53.b6 Kxe6 54.b7  1-0

[Event "ch-Commonwealth"]
[Site "Nagpur IND"]
[Date "2008.10.02"]
[Round "6"]
[White "Laxman,R"]
[Black "Lodhi,M"]
[Result "1/2-1/2"]
[WhiteElo "2498"]
[BlackElo "2379"]

1.Nf3 d5 2.d4 c6 3.c4 Nf6 4.Nc3 e6 5.Qb3 h6 6.g3 Bd6 7.Bg2 O-O 8.O-O Nbd7
9.Rd1 a5 10.Nd2 Bc7 11.e4 Nb6 12.a4 dxc4 13.Nxc4 Nxc4 14.Qxc4 Qe7 15.b3 Rd8
16.Ba3 Qe8 17.Rac1 Bb6 18.Bc5 Bxc5 19.Qxc5 Qf8 20.e5 Nd5 21.Ne4 Bd7 22.Qxf8+ Kxf8
23.Nd6 Rab8 24.Bxd5 exd5 25.f4 g6 26.Rc5 b6 27.Rc3 Ke7 28.Rd2 h5 29.Kg2 Ra8
30.h3 Rdb8 31.g4 hxg4 32.hxg4 b5 33.f5 gxf5 34.gxf5 Rg8+ 35.Kf3 bxa4 36.bxa4 Rg5
37.f6+ Ke6 38.Rf2 Rb8 39.Kf4 Rh5 40.Rd2 Rb4 41.Kg3 Rxd4 42.Rxd4 Kxe5 43.Nxf7+ Kxd4
44.Rf3 c5 45.Rf4+ Kc3 46.Nd6 Rh8 47.f7 Rf8 48.Rf6 d4 49.Ne4+ Kb4 50.Ng5 Be8
51.Rb6+ Kxa4 52.fxe8=Q+ Rxe8 53.Ne6 Rc8 54.Kf3 d3 55.Ke3 c4 56.Nd4 Rd8 57.Rb1 Rd5
58.Ke4 Rd7 59.Ke3 d2 60.Ra1+ Kb4 61.Rb1+  1/2-1/2

[Event "Tatry Open"]
[Site "Tatranske Zruby SVK"]
[Date "2008.10.03"]
[Round "8"]
[White "Csala,J"]
[Black "Vojtek,V"]
[Result "0-1"]
[WhiteElo "2175"]
[BlackElo "2301"]

1.d4 Nf6 2.c4 e6 3.Nc3 d5 4.Nf3 c6 5.Qb3 Nbd7 6.g3 Bd6 7.Bg2 O-O 8.O-O Re8
9.Re1 dxc4 10.Qxc4 e5 11.dxe5 Nxe5 12.Nxe5 Bxe5 13.Be3 Be6 14.Qb4 Ng4 15.Bf4 a5
16.Qe4 Qb6 17.Bxe5 Qxf2+ 18.Kh1 Bf5 19.Qf4 Rxe5 20.h3 Re6 21.e4 Qxf4 22.gxf4 Nf2+
23.Kg1 Nxe4 24.Bxe4 Rae8 25.Rad1 g6 26.Rd4 c5 27.Rc4 b5 28.Nxb5 Rxe4 29.Rcxe4 Rxe4
30.Rxe4 Bxe4 31.Kf2 Kg7 32.Ke3 Bg2 33.h4 Kf6 34.Nc3 Bc6 35.Kd3 Kf5 36.Kc4 Kxf4
37.Kxc5 Bf3 38.a3 h5 39.b4 axb4 40.axb4 g5 41.b5 gxh4 42.b6 h3  0-1

[Event "WYCC Girls U16"]
[Site "Vung Tau City VIE"]
[Date "2008.10.21"]
[Round "2"]
[White "Kovaliova,V"]
[Black "Sia Xin Jie,S"]
[Result "1-0"]
[WhiteElo "2000"]
[BlackElo "1762"]

1.d4 d5 2.c4 c6 3.Nf3 Nf6 4.Nc3 e6 5.Bf4 Nbd7 6.c5 b6 7.b4 Nh5 8.e3 Nxf4
9.exf4 g6 10.Ne5 Bb7 11.Bd3 Bg7 12.O-O O-O 13.Qe2 Re8 14.Ba6 Qc7 15.Rfc1 f6
16.Nb5 Bxa6 17.Nxc7 Bxe2 18.Nxd7 b5 19.Nxa8 Rxa8 20.Re1 Bd3 21.Rxe6 Bf5 22.Rd6 Re8
23.Nxf6+ Bxf6 24.Rxf6 Bd7 25.Kf1 Kg7 26.Rd6 Re7 27.a4 bxa4 28.Rxa4 Be8 29.f3 Kf7
30.Rd8 Rb7 31.Ra8  1-0

[Event "9th Open"]
[Site "Liberec CZE"]
[Date "2008.11.21"]
[Round "8"]
[White "Novotny,L"]
[Black "Suchomel,T"]
[Result "1-0"]
[WhiteElo "1948"]
[BlackElo "1720"]

1.Nf3 d5 2.c4 e6 3.d4 c6 4.Nc3 Nf6 5.Qb3 Nbd7 6.Bg5 Nb6 7.c5 Nc4 8.e3 Na5
9.Qc2 b6 10.b4 Nb7 11.Bd3 Be7 12.Ne5 Qc7 13.Nxc6 h6 14.Bf4 Qd7 15.Bb5 O-O
16.Nxa7 Qd8 17.Nc6 Qe8 18.cxb6 Bd8 19.Nxd8 Qxd8 20.Bc7 Qe7 21.Qb3 Nd6 22.Bc6 Ra6
23.b5 Nxb5 24.Nxb5 Bd7 25.Bd6  1-0

[Event "TCh-NED 2008-9"]
[Site "Netherlands NED"]
[Date "2008.11.22"]
[Round "3"]
[White "Ikonnikov,Vy"]
[Black "Fiebig,T"]
[Result "1-0"]
[WhiteElo "2592"]
[BlackElo "2405"]

1.d4 d5 2.Nf3 Nf6 3.c4 c6 4.Nc3 e6 5.Qb3 dxc4 6.Qxc4 b5 7.Qb3 Nbd7 8.Bg5 Bb7
9.e4 Qa5 10.Bd3 b4 11.O-O Ba6 12.Nb1 Rc8 13.Nbd2 h6 14.Bh4 Nh5 15.Bxa6 Qxa6
16.Nc4 g5 17.Bg3 Nxg3 18.fxg3 Be7 19.Nfe5 Nxe5 20.Nxe5 O-O 21.Ng6 Rfe8 22.Qf3 f5
23.Nxe7+ Rxe7 24.exf5 Qc4 25.Qe3 Rd8 26.Rad1 Rf7 27.fxe6 Re7 28.Rf6 Qc2 29.Rdf1 Qxb2
30.Qf3 Qxd4+ 31.Kh1 Qd6 32.Rg6+ Rg7 33.Qf7+  1-0

[Event "sub-zt 2.3.4 Absoluto"]
[Site "San Andres COL"]
[Date "2008.11.28"]
[Round "6"]
[White "Zuluaga,C"]
[Black "Rojas Barrero,A"]
[Result "1-0"]
[WhiteElo "2320"]
[BlackElo "2255"]

1.d4 d5 2.Nf3 Nf6 3.c4 e6 4.Nc3 c6 5.Qb3 Nbd7 6.Bg5 h6 7.Bh4 Be7 8.e3 O-O
9.Be2 Ne4 10.Bxe7 Qxe7 11.O-O Nxc3 12.bxc3 dxc4 13.Bxc4 e5 14.a4 e4 15.Nd2 Qh4
16.f3 exf3 17.Nxf3 Qe7 18.Rae1 Nb6 19.Bd3 Be6 20.c4 Rad8 21.a5 Nc8 22.Qc3 f5
23.Ne5 Qc7 24.Rf3 Ne7 25.Ref1 Rf6 26.Bc2 Rdf8 27.Bb3 Kh7 28.Bc2 Kg8 29.Rg3 Qc8
30.Rgf3 b5 31.axb6 axb6 32.Bd3 Qe8 33.Qb2 Nc8 34.Qb1 Ne7 35.Qxb6 g5 36.g3 Bc8
37.Qb1 Kg7 38.Qb2 Qh5 39.Qf2 g4 40.Rf4 Ng6 41.Nxg6 Qxg6 42.e4 fxe4 43.Rxf6 Rxf6
44.Qxf6+ Qxf6 45.Rxf6 Kxf6 46.Bxe4 Bd7 47.Kf2 Kg5 48.Ke3 h5 49.Kd3 h4 50.Kc3  1-0

[Event "TCh-HUN 2008-9"]
[Site "Budapest HUN"]
[Date "2008.11.30"]
[Round "3"]
[White "Emodi,B"]
[Black "Prohaszka,P2"]
[Result "1/2-1/2"]
[WhiteElo "2362"]
[BlackElo "2502"]

1.c4 e6 2.Nf3 Nf6 3.Nc3 d5 4.d4 c6 5.Qb3 Nbd7 6.g3 Bd6 7.Bg2 O-O 8.O-O b6
9.e4 dxe4 10.Ng5 Bb7 11.Ngxe4 Be7 12.Rd1 Nxe4 13.Nxe4 Nf6  1/2-1/2